[Event "Masters Tournament (MTO)"]
[Site "Biel, CH"]
[Date "2025.07.21"]
[Round "7"]
[White "Karthikeyan, Murali"]
[Black "Sasikiran, Krishnan"]
[Result "1-0"]
[Board "1"]
[WhiteFideId "5074452"]
[BlackFideId "5004985"]
[WhiteTitle "GM"]
[BlackTitle "GM"]
[WhiteElo "2650"]
[BlackElo "2531"]
[WhiteTeam "IND"]
[BlackTeam "IND"]
[WhiteClock "0:02:02"]
[BlackClock "0:00:36"]
[Variant "Standard"]

1. e4 {[%clk 1:38:51]}  e5 {[%clk 1:40:49]} 2. Nf3 {[%clk 1:38:25]}  Nc6 {[%clk 1:41:07]} 3. Bb5 {[%clk 1:38:45]}  a6 {[%clk 1:41:18]} 4. Ba4 {[%clk 1:39:09]}  Nf6 {[%clk 1:41:30]} 5. O-O {[%clk 1:39:26]}  Be7 {[%clk 1:41:40]} 6. Re1 {[%clk 1:39:43]}  b5 {[%clk 1:41:54]} 7. Bb3 {[%clk 1:40:06]}  O-O {[%clk 1:42:04]} 8. a4 {[%clk 1:39:22]}  Bb7 {[%clk 1:34:42]} 9. d3 {[%clk 1:38:22]}  d6 {[%clk 1:34:04]} 10. Nc3 {[%clk 1:34:39]}  b4 {[%clk 1:24:28]} 11. Ne2 {[%clk 1:32:42]}  Na5 {[%clk 1:23:40]} 12. Ba2 {[%clk 1:33:03]}  c5 {[%clk 1:23:58]} 13. Ng3 {[%clk 1:29:55]}  Bc8 {[%clk 1:22:05]} 14. h3 {[%clk 1:22:51]}  Rb8 {[%clk 1:12:22]} 15. Nd2 {[%clk 1:08:44]}  Be6 {[%clk 1:03:41]} 16. Nc4 {[%clk 1:03:54]}  Nc6 {[%clk 0:54:36]} 17. Ne3 {[%clk 0:50:26]}  Bxa2 {[%clk 0:44:37]} 18. Rxa2 {[%clk 0:50:54]}  g6 {[%clk 0:40:54]} 19. Nc4 {[%clk 0:40:21]}  Re8 {[%clk 0:39:21]} 20. Ra1 {[%clk 0:28:10]}  Bf8 {[%clk 0:26:25]} 21. Bg5 {[%clk 0:26:12]}  h6 {[%clk 0:24:18]} 22. Bxf6 {[%clk 0:26:37]}  Qxf6 {[%clk 0:24:45]} 23. Nf1 {[%clk 0:26:59]}  h5 {[%clk 0:21:14]} 24. Nfe3 {[%clk 0:26:39]}  Bh6 {[%clk 0:17:08]} 25. Nd5 {[%clk 0:26:22]}  Qd8 {[%clk 0:17:34]} 26. a5 {[%clk 0:18:47]}  Kg7 {[%clk 0:11:40]} 27. Ncb6 {[%clk 0:14:45]}  Ne7 {[%clk 0:07:16]} 28. Nxe7 {[%clk 0:12:55]}  Rxe7 {[%clk 0:05:15]} 29. c3 {[%clk 0:12:56]}  bxc3 {[%clk 0:04:56]} 30. bxc3 {[%clk 0:13:24]}  Ra7 {[%clk 0:04:26]} 31. Rb1 {[%clk 0:12:10]}  Bg5 {[%clk 0:04:16]} 32. Re2 {[%clk 0:07:02]}  Rab7 {[%clk 0:03:37]} 33. Qa4 {[%clk 0:05:51]}  Qe8 {[%clk 0:02:22]} 34. Qc4 {[%clk 0:05:09]}  Ra7 {[%clk 0:01:49]} 35. Reb2 {[%clk 0:03:31]}  Bd8 {[%clk 0:01:51]} 36. Qd5 {[%clk 0:02:08]}  Qe6 {[%clk 0:01:48]} 37. Nc4 {[%clk 0:01:37]}  Rxb2 {[%clk 0:01:15]} 38. Rxb2 {[%clk 0:02:04]}  Qxd5 {[%clk 0:01:33]} 39. exd5 {[%clk 0:02:33]}  Bc7 {[%clk 0:01:59]} 40. Kf1 {[%clk 0:02:07]}  Kf8 {[%clk 0:01:25]} 41. Ke2 {[%clk 0:29:17]}  Ke7 {[%clk 0:27:47]} 42. Ke3 {[%clk 0:27:20]}  Kd8 {[%clk 0:24:25]} 43. d4 {[%clk 0:09:30]}  cxd4+ {[%clk 0:19:03]} 44. cxd4 {[%clk 0:09:55]}  exd4+ {[%clk 0:18:55]} 45. Kxd4 {[%clk 0:10:23]}  Ra8 {[%clk 0:18:11]} 46. Rb7 {[%clk 0:09:24]}  f5 {[%clk 0:12:50]} 47. Rb3 {[%clk 0:08:33]}  Rb8 {[%clk 0:12:27]} 48. Rg3 {[%clk 0:05:37]}  Rb1 {[%clk 0:12:28]} 49. Rxg6 {[%clk 0:05:29]}  Rd1+ {[%clk 0:12:44]} 50. Kc3 {[%clk 0:05:28]}  Rxd5 {[%clk 0:12:51]} 51. Nb6 {[%clk 0:02:46]}  Bxb6 {[%clk 0:10:23]} 52. axb6 {[%clk 0:03:15]}  Kc8 {[%clk 0:10:41]} 53. Rg5 {[%clk 0:03:24]}  h4 {[%clk 0:08:44]} 54. Rh5 {[%clk 0:03:37]}  Rc5+ {[%clk 0:08:31]} 55. Kd3 {[%clk 0:03:26]}  Rd5+ {[%clk 0:08:28]} 56. Kc3 {[%clk 0:03:30]}  Rc5+ {[%clk 0:08:53]} 57. Kd3 {[%clk 0:03:37]}  Rd5+ {[%clk 0:09:18]} 58. Ke2 {[%clk 0:03:31]}  Kb7 {[%clk 0:08:11]} 59. Rxh4 {[%clk 0:03:57]}  a5 {[%clk 0:08:31]} 60. Rf4 {[%clk 0:01:44]}  Kxb6 {[%clk 0:05:34]} 61. h4 {[%clk 0:02:05]}  Kb5 {[%clk 0:04:34]} 62. h5 {[%clk 0:02:30]}  a4 {[%clk 0:04:15]} 63. h6 {[%clk 0:02:19]}  a3 {[%clk 0:02:39]} 64. h7 {[%clk 0:02:44]}  Re5+ {[%clk 0:01:06]} 65. Kd3 {[%clk 0:02:59]}  a2 {[%clk 0:01:00]} 66. h8=Q {[%clk 0:02:59]}  a1=Q {[%clk 0:01:16]} 67. Qb8+ {[%clk 0:03:23]}  Kc6 {[%clk 0:00:40]} 68. Qc8+ {[%clk 0:03:38]}  Kb6 {[%clk 0:00:36]} 69. Rb4+ {[%clk 0:02:02]} 1-0

[Event "Masters Tournament (MTO)"]
[Site "Biel, CH"]
[Date "2025.07.21"]
[Round "7"]
[White "Dau Khuong Duy"]
[Black "Yilmaz, Mustafa"]
[Result "1/2-1/2"]
[Board "2"]
[WhiteFideId "12424722"]
[BlackFideId "6302718"]
[WhiteTitle "IM"]
[BlackTitle "GM"]
[WhiteElo "2456"]
[BlackElo "2586"]
[WhiteTeam "VIE"]
[BlackTeam "TUR"]
[WhiteClock "0:33:42"]
[BlackClock "0:31:00"]
[Variant "Standard"]

1. e4 {[%clk 1:40:50]}  c5 {[%clk 1:39:39]} 2. Nf3 {[%clk 1:41:00]}  d6 {[%clk 1:39:56]} 3. d4 {[%clk 1:41:18]}  cxd4 {[%clk 1:40:18]} 4. Nxd4 {[%clk 1:41:44]}  Nf6 {[%clk 1:40:43]} 5. Nc3 {[%clk 1:42:06]}  a6 {[%clk 1:41:10]} 6. Bd3 {[%clk 1:42:25]}  g6 {[%clk 1:41:12]} 7. f3 {[%clk 1:42:17]}  Qb6 {[%clk 1:41:07]} 8. Nb3 {[%clk 1:40:58]}  Bg7 {[%clk 1:41:22]} 9. Qe2 {[%clk 1:40:29]}  Nbd7 {[%clk 1:36:41]} 10. Be3 {[%clk 1:39:57]}  Qc7 {[%clk 1:37:09]} 11. g4 {[%clk 1:32:04]}  b5 {[%clk 1:33:59]} 12. g5 {[%clk 1:24:54]}  Nh5 {[%clk 1:32:37]} 13. Nd5 {[%clk 1:22:11]}  Qb8 {[%clk 1:07:30]} 14. Na5 {[%clk 1:02:05]}  Bb7 {[%clk 0:56:35]} 15. O-O-O {[%clk 0:55:43]}  Bxd5 {[%clk 0:55:54]} 16. exd5 {[%clk 0:56:04]}  Qc7 {[%clk 0:56:06]} 17. Nc6 {[%clk 0:54:03]}  Ne5 {[%clk 0:54:25]} 18. Nxe5 {[%clk 0:46:32]}  dxe5 {[%clk 0:53:59]} 19. Be4 {[%clk 0:42:49]}  Rc8 {[%clk 0:48:41]} 20. Kb1 {[%clk 0:37:25]}  Qd6 {[%clk 0:38:13]} 21. Rc1 {[%clk 0:35:22]}  Nf4 {[%clk 0:35:04]} 22. Qd2 {[%clk 0:35:31]}  O-O {[%clk 0:34:17]} 23. Rhd1 {[%clk 0:33:42]}  Rfd8 {[%clk 0:31:00]} 1/2-1/2

[Event "Masters Tournament (MTO)"]
[Site "Biel, CH"]
[Date "2025.07.21"]
[Round "7"]
[White "Gloeckler, Christian"]
[Black "Pranav Anand"]
[Result "0-1"]
[Board "3"]
[WhiteFideId "34608966"]
[BlackFideId "46626786"]
[WhiteTitle "FM"]
[BlackTitle "GM"]
[WhiteElo "2439"]
[BlackElo "2566"]
[WhiteTeam "GER"]
[BlackTeam "IND"]
[WhiteClock "0:15:37"]
[BlackClock "0:40:06"]
[Variant "Standard"]

1. e4 {[%clk 1:40:37]}  c5 {[%clk 1:40:46]} 2. Nf3 {[%clk 1:41:00]}  d6 {[%clk 1:41:10]} 3. d4 {[%clk 1:41:25]}  cxd4 {[%clk 1:41:35]} 4. Nxd4 {[%clk 1:41:49]}  Nf6 {[%clk 1:41:56]} 5. Nc3 {[%clk 1:42:14]}  Nc6 {[%clk 1:42:07]} 6. Bc4 {[%clk 1:42:36]}  e6 {[%clk 1:42:32]} 7. Be3 {[%clk 1:42:59]}  a6 {[%clk 1:41:49]} 8. Qe2 {[%clk 1:43:09]}  Bd7 {[%clk 1:42:07]} 9. Bb3 {[%clk 1:43:06]}  b5 {[%clk 1:38:38]} 10. a3 {[%clk 1:43:08]}  Na5 {[%clk 1:37:44]} 11. O-O {[%clk 1:42:58]}  Qc7 {[%clk 1:32:15]} 12. f4 {[%clk 1:29:06]}  Be7 {[%clk 1:32:13]} 13. Rad1 {[%clk 1:26:20]}  O-O {[%clk 1:24:55]} 14. g4 {[%clk 1:12:58]}  Nxb3 {[%clk 1:21:41]} 15. cxb3 {[%clk 1:10:36]}  d5 {[%clk 1:11:29]} 16. e5 {[%clk 1:04:40]}  Ne4 {[%clk 1:10:54]} 17. Nxe4 {[%clk 0:57:53]}  dxe4 {[%clk 1:10:36]} 18. b4 {[%clk 0:55:08]}  Rfd8 {[%clk 0:57:14]} 19. Rc1 {[%clk 0:52:41]}  Qb7 {[%clk 0:56:57]} 20. Nb3 {[%clk 0:40:28]}  Rac8 {[%clk 0:47:06]} 21. Bc5 {[%clk 0:30:24]}  Be8 {[%clk 0:46:38]} 22. Rc3 {[%clk 0:22:44]}  Bxc5+ {[%clk 0:35:59]} 23. Nxc5 {[%clk 0:22:27]}  Qd5 {[%clk 0:36:20]} 24. Rcc1 {[%clk 0:19:43]}  a5 {[%clk 0:26:42]} 25. Rfd1 {[%clk 0:09:11]}  Qa8 {[%clk 0:26:56]} 26. Rxd8 {[%clk 0:08:02]}  Rxd8 {[%clk 0:27:09]} 27. Nxe4 {[%clk 0:05:29]}  axb4 {[%clk 0:26:44]} 28. axb4 {[%clk 0:04:59]}  Qd5 {[%clk 0:24:40]} 29. Nd6 {[%clk 0:03:20]}  Bc6 {[%clk 0:23:44]} 30. Kf2 {[%clk 0:03:23]}  f6 {[%clk 0:20:14]} 31. Rc5 {[%clk 0:01:53]}  Qh1 {[%clk 0:19:03]} 32. Rxc6 {[%clk 0:00:40]}  Qxc6 {[%clk 0:18:57]} 33. Qxb5 {[%clk 0:00:58]}  Qxb5 {[%clk 0:15:39]} 34. Nxb5 {[%clk 0:01:26]}  fxe5 {[%clk 0:15:59]} 35. fxe5 {[%clk 0:01:30]}  Rb8 {[%clk 0:15:52]} 36. Nd4 {[%clk 0:01:22]}  Rxb4 {[%clk 0:16:15]} 37. Ke3 {[%clk 0:01:21]}  Rxb2 {[%clk 0:15:47]} 38. Nxe6 {[%clk 0:01:39]}  Rxh2 {[%clk 0:16:11]} 39. g5 {[%clk 0:00:58]}  Kf7 {[%clk 0:14:04]} 40. Nf4 {[%clk 0:01:05]}  Ra2 {[%clk 0:13:13]} 41. Kf3 {[%clk 0:25:55]}  Ra4 {[%clk 0:41:52]} 42. Ke3 {[%clk 0:25:50]}  Ke7 {[%clk 0:40:21]} 43. Kf3 {[%clk 0:25:55]}  g6 {[%clk 0:39:28]} 44. Nd3 {[%clk 0:19:26]}  Rd4 {[%clk 0:39:14]} 45. Nf4 {[%clk 0:18:38]}  Kd7 {[%clk 0:39:20]} 46. Ne2 {[%clk 0:17:04]}  Ra4 {[%clk 0:39:02]} 47. Nf4 {[%clk 0:16:50]}  Kc6 {[%clk 0:39:20]} 48. Ne2 {[%clk 0:15:57]}  Rc4 {[%clk 0:38:59]} 49. Nf4 {[%clk 0:16:08]}  Kc5 {[%clk 0:38:38]} 50. Ke3 {[%clk 0:16:06]}  Ra4 {[%clk 0:38:52]} 51. e6 {[%clk 0:12:35]}  Kd6 {[%clk 0:39:00]} 52. Kf3 {[%clk 0:12:58]}  Ra5 {[%clk 0:39:12]} 53. Kg4 {[%clk 0:12:58]}  Rf5 {[%clk 0:38:47]} 54. Nh5 {[%clk 0:12:47]}  Kxe6 {[%clk 0:37:11]} 55. Ng7+ {[%clk 0:12:59]}  Ke5 {[%clk 0:37:35]} 56. Nxf5 {[%clk 0:13:06]}  gxf5+ {[%clk 0:38:03]} 57. Kh5 {[%clk 0:13:24]}  f4 {[%clk 0:38:14]} 58. Kh6 {[%clk 0:13:45]}  f3 {[%clk 0:38:41]} 59. Kxh7 {[%clk 0:14:09]}  f2 {[%clk 0:39:08]} 60. g6 {[%clk 0:14:31]}  f1=Q {[%clk 0:39:34]} 61. g7 {[%clk 0:14:56]}  Qh3+ {[%clk 0:39:40]} 62. Kg6 {[%clk 0:15:13]}  Qf5+ {[%clk 0:40:06]} 63. Kh6 {[%clk 0:15:37]} 0-1

[Event "Masters Tournament (MTO)"]
[Site "Biel, CH"]
[Date "2025.07.21"]
[Round "7"]
[White "Baenziger, Fabian"]
[Black "Pranesh M"]
[Result "0-1"]
[Board "4"]
[WhiteFideId "1330110"]
[BlackFideId "35028600"]
[WhiteTitle "IM"]
[BlackTitle "GM"]
[WhiteElo "2450"]
[BlackElo "2592"]
[WhiteTeam "SUI"]
[BlackTeam "IND"]
[WhiteClock "0:07:36"]
[BlackClock "0:29:42"]
[Variant "Standard"]

1. d4 {[%clk 1:40:55]}  d5 {[%clk 1:38:15]} 2. Nf3 {[%clk 1:40:55]}  Nf6 {[%clk 1:38:35]} 3. c4 {[%clk 1:41:07]}  dxc4 {[%clk 1:38:51]} 4. e3 {[%clk 1:41:20]}  Bg4 {[%clk 1:39:09]} 5. Bxc4 {[%clk 1:41:15]}  e6 {[%clk 1:39:28]} 6. h3 {[%clk 1:37:34]}  Bh5 {[%clk 1:39:50]} 7. Nc3 {[%clk 1:37:58]}  Nc6 {[%clk 1:40:06]} 8. O-O {[%clk 1:37:27]}  Bd6 {[%clk 1:40:27]} 9. Be2 {[%clk 1:31:37]}  O-O {[%clk 1:40:44]} 10. b3 {[%clk 1:32:24]}  Ne7 {[%clk 1:30:19]} 11. Nd2 {[%clk 1:27:19]}  Bxe2 {[%clk 1:36:44]} 12. Nxe2 {[%clk 1:22:30]}  Nfd5 {[%clk 1:28:46]} 13. e4 {[%clk 1:17:21]}  Nb6 {[%clk 1:24:00]} 14. Nf3 {[%clk 1:12:56]}  Ng6 {[%clk 1:25:20]} 15. Qd3 {[%clk 1:01:16]}  c6 {[%clk 1:10:01]} 16. Bb2 {[%clk 0:53:58]}  f5 {[%clk 1:04:51]} 17. Rad1 {[%clk 0:48:14]}  fxe4 {[%clk 1:10:27]} 18. Qxe4 {[%clk 0:47:37]}  Qe7 {[%clk 0:58:44]} 19. Ne1 {[%clk 0:40:03]}  a5 {[%clk 0:55:18]} 20. a4 {[%clk 0:41:13]}  Nd5 {[%clk 0:59:12]} 21. Nd3 {[%clk 0:40:52]}  Rae8 {[%clk 0:42:25]} 22. g3 {[%clk 0:27:56]}  Qc7 {[%clk 0:55:12]} 23. Ne5 {[%clk 0:25:23]}  Nxe5 {[%clk 0:51:31]} 24. dxe5 {[%clk 0:25:47]}  Bb4 {[%clk 0:50:23]} 25. Rd3 {[%clk 0:22:48]}  Rd8 {[%clk 0:47:18]} 26. Kg2 {[%clk 0:21:44]}  Qf7 {[%clk 0:45:25]} 27. f4 {[%clk 0:16:12]}  Rd7 {[%clk 0:39:38]} 28. Bc1 {[%clk 0:13:33]}  Bc5 {[%clk 0:36:49]} 29. Bd2 {[%clk 0:12:34]}  Bb6 {[%clk 0:36:03]} 30. Rff3 {[%clk 0:10:36]}  Rfd8 {[%clk 0:35:52]} 31. g4 {[%clk 0:09:11]}  Qg6 {[%clk 0:30:02]} 32. Qxg6 {[%clk 0:06:52]}  hxg6 {[%clk 0:29:54]} 33. Be1 {[%clk 0:03:48]}  Nc7 {[%clk 0:22:55]} 34. Nc1 {[%clk 0:05:23]}  Nd5 {[%clk 0:21:13]} 35. Ne2 {[%clk 0:05:21]}  Nb4 {[%clk 0:22:04]} 36. Rxd7 {[%clk 0:05:27]}  Rxd7 {[%clk 0:22:32]} 37. Bxb4 {[%clk 0:04:29]}  axb4 {[%clk 0:23:01]} 38. Ng3 {[%clk 0:04:54]}  Rd4 {[%clk 0:22:20]} 39. f5 {[%clk 0:02:29]}  gxf5 {[%clk 0:21:43]} 40. gxf5 {[%clk 0:02:54]}  Kf7 {[%clk 0:21:46]} 41. Nh5 {[%clk 0:15:37]}  Rd2+ {[%clk 0:07:31]} 42. Kf1 {[%clk 0:13:16]}  Bd4 {[%clk 0:37:37]} 43. fxe6+ {[%clk 0:12:25]}  Kxe6 {[%clk 0:37:47]} 44. Nxg7+ {[%clk 0:11:05]}  Kxe5 {[%clk 0:36:07]} 45. Nf5 {[%clk 0:07:32]}  Bc3 {[%clk 0:37:10]} 46. Ng3 {[%clk 0:07:53]}  Rb2 {[%clk 0:33:51]} 47. h4 {[%clk 0:08:19]}  Rxb3 {[%clk 0:33:48]} 48. Ke2 {[%clk 0:08:43]}  Rb2+ {[%clk 0:32:51]} 49. Kd3 {[%clk 0:09:04]}  Rd2+ {[%clk 0:30:34]} 50. Kc4 {[%clk 0:09:20]}  Rd4+ {[%clk 0:30:56]} 51. Kb3 {[%clk 0:09:46]}  c5 {[%clk 0:30:48]} 52. Rf5+ {[%clk 0:08:40]}  Kd6 {[%clk 0:31:11]} 53. Rf2 {[%clk 0:08:34]}  c4+ {[%clk 0:31:07]} 54. Kc2 {[%clk 0:09:00]}  Kc6 {[%clk 0:29:27]} 55. h5 {[%clk 0:07:36]}  Rd3 {[%clk 0:29:42]} 0-1

[Event "Masters Tournament (MTO)"]
[Site "Biel, CH"]
[Date "2025.07.21"]
[Round "7"]
[White "Kueppers, Timo"]
[Black "Karthik Venkataraman"]
[Result "0-1"]
[Board "5"]
[WhiteFideId "16205820"]
[BlackFideId "25006479"]
[WhiteTitle "FM"]
[BlackTitle "GM"]
[WhiteElo "2292"]
[BlackElo "2540"]
[WhiteTeam "GER"]
[BlackTeam "IND"]
[WhiteClock "0:03:22"]
[BlackClock "0:50:06"]
[Variant "Standard"]

1. e4 {[%clk 1:40:51]}  c5 {[%clk 1:39:55]} 2. c4 {[%clk 1:41:14]}  Nc6 {[%clk 1:38:43]} 3. Ne2 {[%clk 1:41:03]}  Qb6 {[%clk 1:34:33]} 4. Nbc3 {[%clk 1:38:42]}  e6 {[%clk 1:34:56]} 5. d3 {[%clk 1:34:41]}  Nd4 {[%clk 1:20:20]} 6. Rb1 {[%clk 1:10:20]}  Ne7 {[%clk 1:27:03]} 7. Nxd4 {[%clk 0:52:25]}  cxd4 {[%clk 1:26:50]} 8. Na4 {[%clk 0:48:11]}  Qc7 {[%clk 1:26:32]} 9. Be2 {[%clk 0:47:46]}  d6 {[%clk 1:18:12]} 10. O-O {[%clk 0:46:59]}  g6 {[%clk 1:18:28]} 11. b4 {[%clk 0:45:56]}  Bg7 {[%clk 1:18:53]} 12. Bd2 {[%clk 0:38:39]}  O-O {[%clk 1:16:19]} 13. c5 {[%clk 0:35:55]}  dxc5 {[%clk 1:14:33]} 14. Nxc5 {[%clk 0:33:43]}  b6 {[%clk 1:14:34]} 15. Nb3 {[%clk 0:34:04]}  Qd7 {[%clk 1:14:37]} 16. Qc2 {[%clk 0:25:09]}  Bb7 {[%clk 1:09:38]} 17. Rfc1 {[%clk 0:24:58]}  Rac8 {[%clk 1:07:35]} 18. Qd1 {[%clk 0:25:09]}  Bc6 {[%clk 1:07:51]} 19. Rc4 {[%clk 0:22:46]}  f5 {[%clk 1:05:28]} 20. f3 {[%clk 0:22:56]}  h6 {[%clk 1:05:28]} 21. Rbc1 {[%clk 0:21:39]}  g5 {[%clk 1:05:50]} 22. Kh1 {[%clk 0:19:35]}  Be5 {[%clk 1:02:47]} 23. Qg1 {[%clk 0:19:06]}  Rcd8 {[%clk 1:02:14]} 24. Be1 {[%clk 0:14:44]}  Bb5 {[%clk 1:02:10]} 25. R4c2 {[%clk 0:15:08]}  Ng6 {[%clk 1:00:08]} 26. g3 {[%clk 0:15:17]}  Qg7 {[%clk 1:00:13]} 27. Qg2 {[%clk 0:13:12]}  Kh7 {[%clk 0:54:35]} 28. Nd2 {[%clk 0:11:36]}  Bb8 {[%clk 0:54:20]} 29. Qh3 {[%clk 0:09:50]}  Ne5 {[%clk 0:53:29]} 30. f4 {[%clk 0:07:47]}  Bxd3 {[%clk 0:51:25]} 31. fxe5 {[%clk 0:06:35]}  Bxc2 {[%clk 0:50:58]} 32. Rxc2 {[%clk 0:06:47]}  d3 {[%clk 0:51:24]} 33. Rc6 {[%clk 0:06:28]}  dxe2 {[%clk 0:51:45]} 34. Rxe6 {[%clk 0:06:49]}  Bxe5 {[%clk 0:49:11]} 35. exf5 {[%clk 0:06:26]}  Qb7+ {[%clk 0:49:17]} 36. Qg2 {[%clk 0:06:19]}  Qxg2+ {[%clk 0:49:40]} 37. Kxg2 {[%clk 0:06:47]}  Rfe8 {[%clk 0:50:04]} 38. Rxe8 {[%clk 0:04:35]}  Rxe8 {[%clk 0:50:29]} 39. Ne4 {[%clk 0:04:02]}  g4 {[%clk 0:50:13]} 40. h3 {[%clk 0:03:51]}  Bd4 {[%clk 0:50:16]} 41. Nd6 {[%clk 0:03:47]}  Rd8 {[%clk 0:50:30]} 42. Nb5 {[%clk 0:02:56]}  gxh3+ {[%clk 0:49:47]} 43. Kxh3 {[%clk 0:03:22]}  Be5 {[%clk 0:50:06]} 0-1

[Event "Masters Tournament (MTO)"]
[Site "Biel, CH"]
[Date "2025.07.21"]
[Round "7"]
[White "Soo, Kai Jie"]
[Black "Panchanathan, Magesh Chandran"]
[Result "1/2-1/2"]
[Board "6"]
[WhiteFideId "5803454"]
[BlackFideId "5007429"]
[WhiteTitle "FM"]
[BlackTitle "GM"]
[WhiteElo "2240"]
[BlackElo "2454"]
[WhiteTeam "AUS"]
[BlackTeam "IND"]
[WhiteClock "0:34:57"]
[BlackClock "0:27:43"]
[Variant "Standard"]

1. d4 {[%clk 1:40:57]}  Nf6 {[%clk 1:39:55]} 2. c4 {[%clk 1:40:49]}  e6 {[%clk 1:40:15]} 3. g3 {[%clk 1:41:13]}  Bb4+ {[%clk 1:40:40]} 4. Bd2 {[%clk 1:41:37]}  c5 {[%clk 1:41:06]} 5. Bg2 {[%clk 1:37:53]}  O-O {[%clk 1:38:38]} 6. Nf3 {[%clk 1:25:08]}  Nc6 {[%clk 1:38:25]} 7. a3 {[%clk 1:25:29]}  Bxd2+ {[%clk 1:38:30]} 8. Qxd2 {[%clk 1:20:18]}  Na5 {[%clk 1:34:00]} 9. Qc3 {[%clk 1:17:12]}  d5 {[%clk 1:32:17]} 10. dxc5 {[%clk 1:15:51]}  dxc4 {[%clk 1:24:31]} 11. Nbd2 {[%clk 1:11:46]}  Nd5 {[%clk 1:23:18]} 12. Qc2 {[%clk 1:09:52]}  c3 {[%clk 1:22:36]} 13. bxc3 {[%clk 1:09:14]}  Qc7 {[%clk 1:22:49]} 14. O-O {[%clk 1:09:00]}  Qxc5 {[%clk 1:22:42]} 15. Rfc1 {[%clk 1:03:32]}  Nf6 {[%clk 1:16:40]} 16. Nb3 {[%clk 1:06:23]}  Nxb3 {[%clk 1:15:24]} 17. Qxb3 {[%clk 1:06:52]}  Rb8 {[%clk 1:13:07]} 18. Qb4 {[%clk 1:01:32]}  Qc7 {[%clk 1:15:17]} 19. c4 {[%clk 1:01:51]}  Bd7 {[%clk 0:59:23]} 20. Nd4 {[%clk 1:01:58]}  Rfc8 {[%clk 0:56:10]} 21. c5 {[%clk 0:59:02]}  Qe5 {[%clk 0:49:04]} 22. Rab1 {[%clk 0:53:12]}  Nd5 {[%clk 0:39:53]} 23. Qb2 {[%clk 0:46:07]}  a6 {[%clk 0:37:03]} 24. e3 {[%clk 0:45:15]}  h5 {[%clk 0:36:56]} 25. h4 {[%clk 0:38:52]}  Be8 {[%clk 0:36:30]} 26. Bf3 {[%clk 0:38:06]}  g6 {[%clk 0:35:32]} 27. Nb3 {[%clk 0:29:59]}  Qxb2 {[%clk 0:33:45]} 28. Rxb2 {[%clk 0:30:27]}  Ne7 {[%clk 0:25:59]} 29. Nd2 {[%clk 0:22:59]}  Rc7 {[%clk 0:30:57]} 30. Ne4 {[%clk 0:20:49]}  Bc6 {[%clk 0:30:21]} 31. Nf6+ {[%clk 0:19:06]}  Kg7 {[%clk 0:30:07]} 32. Bxc6 {[%clk 0:19:28]}  Nxc6 {[%clk 0:30:32]} 33. Ne4 {[%clk 0:19:51]}  Rd8 {[%clk 0:23:43]} 34. Rcb1 {[%clk 0:19:05]}  Na5 {[%clk 0:23:44]} 35. Rb4 {[%clk 0:18:56]}  Kf8 {[%clk 0:23:27]} 36. Ra4 {[%clk 0:18:39]}  Nc6 {[%clk 0:23:37]} 37. Nd6 {[%clk 0:18:26]}  Rdd7 {[%clk 0:21:20]} 38. Rb6 {[%clk 0:15:16]}  Nd8 {[%clk 0:22:55]} 39. Rc4 {[%clk 0:15:09]}  e5 {[%clk 0:19:51]} 40. Kg2 {[%clk 0:12:30]}  Ke7 {[%clk 0:18:43]} 41. Ne4 {[%clk 0:11:48]}  Rd3 {[%clk 0:15:08]} 42. a4 {[%clk 0:09:30]}  Nc6 {[%clk 0:13:00]} 43. Nd6 {[%clk 0:08:53]}  Na5 {[%clk 0:01:59]} 44. Rcb4 {[%clk 0:09:12]}  Rxc5 {[%clk 0:01:47]} 45. Nxb7 {[%clk 0:09:38]}  Nxb7 {[%clk 0:02:14]} 46. Rxb7+ {[%clk 0:09:57]}  Rd7 {[%clk 0:02:37]} 47. R7b6 {[%clk 0:09:52]}  Rd6 {[%clk 0:02:39]} 48. Rb7+ {[%clk 0:09:54]}  Ke6 {[%clk 0:00:31]} 49. e4 {[%clk 0:06:02]}  Rcc6 {[%clk 0:27:43]} 50. a5 {[%clk 0:34:57]} 1/2-1/2

[Event "Masters Tournament (MTO)"]
[Site "Biel, CH"]
[Date "2025.07.21"]
[Round "7"]
[White "Arfan, Aditya Bagus"]
[Black "Bok, Benjamin"]
[Result "0-1"]
[Board "7"]
[WhiteFideId "7106041"]
[BlackFideId "1017063"]
[WhiteTitle "IM"]
[BlackTitle "GM"]
[WhiteElo "2385"]
[BlackElo "2593"]
[WhiteTeam "INA"]
[BlackTeam "NED"]
[WhiteClock "0:14:07"]
[BlackClock "0:17:25"]
[Variant "Standard"]

1. Nf3 {[%clk 1:40:15]}  d5 {[%clk 1:40:33]} 2. c4 {[%clk 1:39:58]}  d4 {[%clk 1:38:22]} 3. b4 {[%clk 1:40:06]}  c5 {[%clk 1:38:36]} 4. e3 {[%clk 1:26:13]}  dxe3 {[%clk 1:22:52]} 5. fxe3 {[%clk 1:39:11]}  cxb4 {[%clk 1:23:18]} 6. d4 {[%clk 1:37:33]}  Nf6 {[%clk 1:22:10]} 7. Bd3 {[%clk 1:32:57]}  g6 {[%clk 1:17:45]} 8. O-O {[%clk 1:31:33]}  Bg7 {[%clk 1:13:43]} 9. a3 {[%clk 1:31:26]}  Nc6 {[%clk 0:58:26]} 10. axb4 {[%clk 1:18:43]}  Nxb4 {[%clk 1:02:53]} 11. Qa4+ {[%clk 1:18:36]}  Nc6 {[%clk 1:01:33]} 12. Nc3 {[%clk 1:14:45]}  O-O {[%clk 1:02:51]} 13. Rb1 {[%clk 1:04:23]}  Re8 {[%clk 0:54:23]} 14. Rd1 {[%clk 1:06:07]}  Bd7 {[%clk 0:46:28]} 15. Qc2 {[%clk 0:59:29]}  b6 {[%clk 0:34:48]} 16. Nb5 {[%clk 0:37:54]}  a6 {[%clk 0:34:46]} 17. Nc3 {[%clk 0:29:42]}  e5 {[%clk 0:20:52]} 18. Bf1 {[%clk 0:20:15]}  exd4 {[%clk 0:23:20]} 19. exd4 {[%clk 0:19:44]}  Bf5 {[%clk 0:23:05]} 20. Bd3 {[%clk 0:19:44]}  Bg4 {[%clk 0:19:18]} 21. Qf2 {[%clk 0:13:43]}  Bxf3 {[%clk 0:18:12]} 22. gxf3 {[%clk 0:14:07]}  Ng4 {[%clk 0:17:25]} 0-1